| 000 | 00671nam a22002057a 4500 | ||
|---|---|---|---|
| 999 |
_c16060 _d16060 |
||
| 003 | AR-CdUCM | ||
| 008 | 190430b ||||| |||| 00| 0 spa d | ||
| 040 |
_aMUNICIPALIDAD PROVINCIAL DEL CUSCO _cBIBLIOTECA MUNICIPAL DEL CUSCO |
||
| 082 |
_a920.7 / _bM26 |
||
| 100 |
_aMartì, Rosa Signorelli _935338 |
||
| 245 | _aLa mujer en el mundo antiguo / | ||
| 260 |
_aBuenos Aires : _bDèdalo, _c1960. |
||
| 300 |
_a157 paginas ; _c20 cm. |
||
| 505 | _aContenido :India y China --Egipto --Caldea y Asiria --Palestina ,Fenicia -Percia ... | ||
| 650 |
_aHistoria _9136 |
||
| 650 |
_aMundo _9597 |
||
| 650 |
_aMujeres _93760 |
||
| 942 |
_2ddc _cLIBROS |
||
| 945 |
_arjall _d2019-04-30 |
||